01085nam a2200289 a 450000100060000000300080000600500170001400800410003102000150007202000150008703500200010204000290012204100080015108200280015924500820018726000520026930000350032149000470035650400530040365000340045665000420049070000340053283000580056694200120062499900170063695201420065357530BD-RjUL20211209080525.0101216s1993 nyua b 001 0 eng  a0791416038 a0791416046 a(BD-RjUL) 57654 aLCbengcLCdLCdBD-RjUL aeng00a302.20952223bCOM 199300aCommunication in Japan and the United States /cWilliam B. Gudykunst, editor. aAlbany :bState University of New York,cc1993. aviii, 330 p. :bill. ;c24 cm.1 aSUNY series, human communication processes aIncludes bibliographical references and indexes. 0aCommunicationzJapan.9170840 0aCommunicationzUnited States.91708411 aGudykunst, William B.9170379 0aSUNY series in human communication processes.9170844 2ddccBK c57530d57530 00102ddc40718NFICaRUCLbRUCLcReadingd2004-05-27eJapan Foundationl0o302.20952 COM 1993r2016-12-10 00:00:00tC-1w2016-12-10yBK